00546nam a22002057a 450000500170000000800410001701000150005802000260007303500130009903700130011204000130012508200080013810000240014624500670017026000300023727000250026730000260029250000190031870000030033720130116114045.0130116t xxu||||| |||| 00| 0 eng d aENG-106584 a9788120346727c525.00 aEN-90117 bDBAD/PUB aDPLbENG a621 aChandramouli, P. N. aFundamentals of strength of materials /cby P. N. Chandramouli aDelhibPHI Learningc2013 aDelhibDelhie110092 axv, 847p.b22cm (pbk) aIncludes index